01097nab a22002417a 4500999001500000003000400015005001700019008004100036040000700077100002700084245008300111260007200194300001300266500003800279505018300317505008900500650002600589650002400615650003000639650003500669773013800704942001300842 c4998d4998OSt20230725113645.0190605e xxu||||| |||| 00| 0 spa d cPJ 95121aSappia, Jorge J.10aUna aproximación a la estabilidad del empleado público /cJorge J. Sappia. aCiudad Autónoma de Buenos Aires :bThomson Reuters La Ley,c2023. ap. 79-81 aCita: TR LALEY AR/DOC/3219/2022  aFallo comentado: CS ~ 21/06/2022 ~ SÁNCHEZ, OSCAR VICENTE C. MUNICIPALIDAD DE ESQUINA (CORRIENTES) Y OTRO Y/O QUIEN RESULTE RESPONSABLE S/ ACCIÓN CONTENCIOSA ADMINISTRATIVA. t¿Te interesa el texto completo? Solicitalo al correo: koha@justierradelfuego.gov.ar 091316aDERECHO LABORAL 09938aEMPLEO PUBLICO 091571aESTABILIDAD LABORAL 091057aJURISPRUDENCIA APLICABLE0 0271193168dCiudad Autónoma de Buenos Aires : Thomson Reuters La Ley, 1999-2002.tRevista de derecho del trabajo. Nº1 - Enero 2023 2udccANA